The wake of the gods : (Record no. 31554)
[ view plain ]
| 000 -LEADER | |
|---|---|
| fixed length control field | 00842cam a22002651 4500 |
| 001 - CONTROL NUMBER | |
| control field | 31554 |
| 003 - CONTROL NUMBER IDENTIFIER | |
| rucl marc code | BD-RjUL |
| 005 - DATE AND TIME OF LATEST TRANSACTION | |
| control field | 20211209051722.0 |
| 008 - FIXED-LENGTH DATA ELEMENTS--GENERAL INFORMATION | |
| fixed length control field | 140420s1963 cau b 000 0 eng |
| 035 ## - SYSTEM CONTROL NUMBER | |
| System control number | (BD-RjUL)31642 |
| System control number | (OCoLC)280889 |
| 040 ## - CATALOGING SOURCE | |
| Original cataloging agency | DLC |
| Transcribing agency | ODaWU |
| Modifying agency | OCoLC |
| -- | DLC |
| -- | BD-RjUL |
| Language of cataloging | eng |
| 041 ## - LANGUAGE CODE | |
| Language code of text/sound track or separate title | eng |
| 082 00 - DEWEY DECIMAL CLASSIFICATION NUMBER | |
| Classification number | 818.3 |
| Author mark and year | FRW 1963 |
| 100 1# - MAIN ENTRY--PERSONAL NAME | |
| Personal name | Franklin, H. Bruce |
| Fuller form of name | (Howard Bruce), |
| Dates associated with a name | 1934- |
| 9 (RLIN) | 96037 |
| 245 14 - TITLE STATEMENT | |
| Title | The wake of the gods : |
| Remainder of title | Melville's mythology / |
| Statement of responsibility, etc. | H Bruce Franklin. |
| 260 ## - PUBLICATION, DISTRIBUTION, ETC. (IMPRINT) | |
| Place of publication, distribution, etc. | Stanford, Calif. : |
| Name of publisher, distributor, etc. | Stanford University Press, |
| Date of publication, distribution, etc. | 1963. |
| 300 ## - PHYSICAL DESCRIPTION | |
| Pagination | xii, 236 p. ; |
| Size | 23 cm. |
| 504 ## - BIBLIOGRAPHY, ETC. NOTE | |
| Bibliography, etc | Includes bibliography. |
| 600 10 - SUBJECT ADDED ENTRY--PERSONAL NAME | |
| Personal name | Melville, Herman, |
| Dates associated with a name | 1819-1891 |
| General subdivision | Knowledge |
| -- | Mythology. |
| 650 #0 - SUBJECT ADDED ENTRY--TOPICAL TERM | |
| Topical term or geographic name as entry element | Mythology in literature. |
| 9 (RLIN) | 96039 |
| 942 ## - ADDED ENTRY ELEMENTS (KOHA) | |
| Source of classification or shelving scheme | Dewey Decimal Classification |
| Koha item type | Books |
| Lost status | Source of classification or shelving scheme | Damaged status | Not for loan | Permanent Location | Current Location | Shelving location | Date acquired | Source of acquisition | Cost, normal purchase price | Total Checkouts | Full call number | Date last seen | Copy number | Koha item type |
|---|---|---|---|---|---|---|---|---|---|---|---|---|---|---|
| Dewey Decimal Classification | Not For Loan | Central Library, University of Rajshahi | Central Library, University of Rajshahi | Reading Room | 27/08/1990 | Asia Fundation | 0.00 | 818.3 FRW 1963 | 20/04/2014 | C-1 | Books |